[Event "23rd Metropolitan GM"]
[Site "Los Angeles USA"]
[Date "2012.12.19"]
[Round "1"]
[White "Sevian,Samuel"]
[Black "Kiewra,K"]
[Result "1/2-1/2"]
[WhiteElo "2343"]
[BlackElo "2422"]

1.e4 c5 2.Nf3 e6 3.d4 cxd4 4.Nxd4 Nc6 5.Nc3 Qc7 6.Be2 Nf6 7.O-O a6 8.Kh1 d6
9.f4 Be7 10.a4 O-O 11.Be3 Re8 12.Bf3 Rb8 13.g4 Na5 14.g5 Nd7 15.Qe1 Bf8 16.Rd1 b6
17.Qh4 Bb7 18.Bg2 g6 19.Nde2 Nc4 20.Bc1 Bg7 21.b3 Na5 22.Bb2 f5 23.gxf6 Nxf6
24.Nb5 axb5 25.Bxf6 Bxf6 26.Qxf6 bxa4 27.bxa4 Nc4 28.Rd3 Qg7 29.Qxg7+ Kxg7
30.Nc3 Kf7 31.Nb5 Ke7 32.Rb1 Rf8 33.Rb4 Rbc8 34.Rc3 Na5 35.Rxc8 Rxc8 36.c3 Ba6
37.Kg1 Rc5 38.Kf2 Bxb5 39.Rxb5 Rxb5 40.axb5 Kf6 41.Ke3 e5 42.f5 h6 43.fxg6 Kxg6
44.Kd3 Kg5 45.Bh3 Kf4 46.Bf5 d5 47.Bh7 dxe4+ 48.Bxe4 Nb3 49.Bd5 Nc5+ 50.Ke2 Na4
51.c4 e4 52.Bc6 Nc5 53.Bd5 Nb3 54.Bc6 Nd4+ 55.Kd2 Kf3 56.Bd5 Nb3+ 57.Kc3 Nc5
58.Kd4 Kf4 59.Bf7 Kg4 60.Ke3 Kh3 61.Bd5 Kxh2 62.Bxe4 h5 63.Bd5 Kg3 64.Kd4 h4
65.Ke5 h3 66.Kd6 Kf4 67.Bh1 h2 68.Kc6 Na4 69.c5 bxc5 70.Kd5 Kf5 71.Be4+ Kf6
72.Bh1 Kg5 73.Kc4 Kf4 74.Kd5 Ke3 75.Kc4 Ke2 76.Bg2 Kf2 77.Bh1 Kg1 78.Be4 Kf1
79.Bh1 Kf2 80.Kd5 Ke3 81.Kc4 Kf4 82.Kd5 Kg5 83.Kc4 Kf6 84.Kd5 Ke7 85.b6  1/2-1/2

[Event "11th IM Int"]
[Site "Sao Jose do Rio Preto BRA"]
[Date "2012.12.19"]
[Round "4.3"]
[White "Rocha,W"]
[Black "Abdalla,L"]
[Result "0-1"]
[WhiteElo "2427"]
[BlackElo "2322"]

1.e4 c5 2.Nf3 e6 3.d4 cxd4 4.Nxd4 Nc6 5.Nc3 d6 6.Be3 Nf6 7.Be2 Be7 8.O-O O-O
9.f4 Bd7 10.Qd2 Nxd4 11.Bxd4 Bc6 12.Qe3 Nd7 13.Qg3 e5 14.Be3 exf4 15.Qxf4 Ne5
16.Rad1 Qa5 17.Qg3 Rfe8 18.a3 Bf8 19.Kh1 Re6 20.Rf5 Qc7 21.Rdf1 g6 22.Bd4 Bg7
23.R5f4 Re7 24.Rh4 Rae8 25.Qf2 a6 26.Rh3 Qc8 27.Qh4 h5 28.Bxh5 gxh5 29.Qxh5 Qe6
30.Qh7+ Kf8 31.Rf5 f6 32.Rg3 Rf7 33.Bxe5 dxe5 34.h4 Ree7 35.Qg6 Ke8 36.Rd3 Rd7
37.h5 Rxd3 38.cxd3 Qe7 39.h6 Bxh6 40.Rh5 Bg5 41.Rh8+ Kd7 42.Qg8 Kc7 43.b4 Kb6
44.a4 Qxb4 45.Qxf7 Qxc3  0-1

[Event "Norberto La Porta Open A"]
[Site "Buenos Aires ARG"]
[Date "2012.12.20"]
[Round "5"]
[White "Tomeo,I"]
[Black "Lopez,Di"]
[Result "1-0"]
[WhiteElo "2061"]
[BlackElo "2170"]

1.e4 c5 2.Nf3 e6 3.d4 cxd4 4.Nxd4 Nc6 5.Nc3 Qc7 6.Be3 a6 7.Qd2 Nf6 8.O-O-O Bb4
9.f3 Ne5 10.g4 d5 11.g5 Nxf3 12.Nxf3 Nxe4 13.Qd4 Bxc3 14.bxc3 Qxc3 15.Bd3 Qa3+
16.Qb2 Qxb2+ 17.Kxb2 Nd6 18.Bc5 Nc4+ 19.Bxc4 b6 20.Ba3 dxc4 21.Ne5 b5 22.Rhf1 Ra7
23.Bc5 Rb7 24.Rd4  1-0

[Event "23rd Metropolitan GM"]
[Site "Los Angeles USA"]
[Date "2012.12.20"]
[Round "3"]
[White "Yankovsky,R"]
[Black "Shen,V"]
[Result "1-0"]
[WhiteElo "2474"]
[BlackElo "2419"]

1.e4 c5 2.Nf3 e6 3.d4 cxd4 4.Nxd4 Nc6 5.Nc3 Qc7 6.g3 a6 7.Bg2 d6 8.O-O Nf6
9.Re1 Nd7 10.Nxc6 bxc6 11.Na4 Rb8 12.c4 c5 13.b3 Be7 14.Bb2 O-O 15.Qd2 Ne5
16.Rad1 Nc6 17.f4 Rd8 18.Qf2 Nb4 19.e5 Bd7 20.exd6 Bxd6 21.Rxd6 Qxd6 22.Nxc5 Qf8
23.a3 Nd3 24.Nxd3 Rxb3 25.Ne5 Be8 26.c5 Rc8 27.Bd4 Bb5 28.Bb7 Rb8 29.c6 Bxc6
30.Bc5 Qe8 31.Bxc6 Qd8 32.Qd4 Qa5 33.Bb4 Qc7 34.Ba4 Rd8 35.Qc5 Qxc5+ 36.Bxc5 Rb2
37.Nc4 Rbb8 38.Nb6 Rd3 39.Rd1 Rc3 40.Bb4  1-0

[Event "World Cities Team GpE"]
[Site "Al-Ain UAE"]
[Date "2012.12.23"]
[Round "2.6"]
[White "Darini,P"]
[Black "Ehlvest,J"]
[Result "0-1"]
[WhiteElo "2522"]
[BlackElo "2603"]

1.e4 c5 2.Nf3 e6 3.d4 cxd4 4.Nxd4 Nc6 5.Nc3 a6 6.Be2 Nge7 7.O-O Nxd4 8.Qxd4 Nc6
9.Qe3 Qc7 10.Qh3 b5 11.Be3 Bb7 12.Rad1 Be7 13.f4 O-O 14.e5 Nb4 15.a3 Nd5
16.Nxd5 Bxd5 17.Rxd5 exd5 18.Bd3 g6 19.Kh1 f5 20.b4 a5 21.g4 Qc6 22.Bd4 Qe6
23.gxf5 Rxf5 24.Bxf5 Qxf5 25.Qxf5 gxf5 26.e6 dxe6 27.Rg1+ Kf8 28.Rg7 axb4
29.axb4 Bd6 30.Rxh7 Ra2 31.Rh6 Kf7 32.Rh7+ Kg6 33.Rg7+ Kh6 34.Rg2 Bxf4 35.Re2 Kg5
36.Kg1 Kg4 37.Kg2 e5 38.h3+ Kg5 39.Bxe5 Bxe5 40.Rxe5 Rxc2+ 41.Kf3 Rd2 42.Re6 Rd3+
43.Ke2 Rd4 44.Rd6 Kf4 45.Rd8 Re4+ 46.Kd2 Ke5 47.Re8+ Kd4 48.Rc8 Ke5 49.Re8+ Kf4
50.Rd8 Rxb4 51.Rxd5 Ke4 52.Rc5 f4 53.Rc8 Rb2+  0-1

[Event "Norberto La Porta Open A"]
[Site "Buenos Aires ARG"]
[Date "2012.12.23"]
[Round "7"]
[White "Bronstein,L"]
[Black "Alonso,S"]
[Result "1/2-1/2"]
[WhiteElo "2359"]
[BlackElo "2524"]

1.e4 c5 2.Nf3 e6 3.Nc3 Nc6 4.d4 cxd4 5.Nxd4 d6 6.g3 Nf6 7.Bg2 Bd7 8.O-O Be7
9.Nxc6 Bxc6 10.a4 O-O 11.Be3 Qc7 12.Qe2 b6 13.Nb5 Qb7 14.f3 a6 15.Nd4 b5
16.axb5 axb5 17.c3 Bd7 18.Bf2 g6 19.Nc2 e5 20.Nb4 Be6 21.Rfe1 Bc4 22.Qe3 Rxa1
23.Rxa1 Ra8 24.Rxa8+ Qxa8 25.Qa7 Qxa7 26.Bxa7 d5 27.exd5  1/2-1/2

[Event "Groningen Open A"]
[Site "Groningen NED"]
[Date "2012.12.23"]
[Round "3.24"]
[White "Eggleston,D"]
[Black "Lee,Ka"]
[Result "1/2-1/2"]
[WhiteElo "2352"]
[BlackElo "2165"]

1.e4 c5 2.Nf3 e6 3.d4 cxd4 4.Nxd4 Nc6 5.Nc3 Qc7 6.Be3 a6 7.Bd3 b5 8.Nxc6 Qxc6
9.O-O Bb7 10.f3 Bc5 11.Qe1 Ne7 12.a4 b4 13.Na2 d6 14.Kh1 Qb6 15.a5 Qxa5 16.Bd2 Qb6
17.Nxb4 O-O 18.Bc3 Bd4 19.Bxd4 Qxd4 20.c3 Qb6 21.Nc2 a5 22.Qe3 Qxe3 23.Nxe3 d5
24.exd5 Nxd5 25.Nxd5 Bxd5 26.Bb5 Rfc8 27.Ra4 Bb3 28.Ra3 Bc4 29.Bxc4 Rxc4
30.Rd1 g6 31.Kg1 Kg7 32.Kf2 Kf6 33.Ke3 Rb8 34.Ra2 Rc5 35.Rd2 h5 36.Ke2 g5
37.h3 Ke5 38.Ra4 Rcb5 39.h4 gxh4 40.Rxh4 Rxb2 41.Rxh5+ f5 42.g4 Kf4 43.gxf5 exf5
44.Rxb2 Rxb2+ 45.Kd3 Ra2 46.Kc4 Rf2 47.Kb5 Rxf3 48.c4 Rc3 49.c5 a4 50.Rh4+ Ke5
51.Rxa4 Kd5 52.Rf4 Rxc5+ 53.Kb4 Kd6 54.Rd4+ Rd5 55.Kc4 Rxd4+ 56.Kxd4 Ke6
57.Ke3 Ke5 58.Kf3 f4 59.Kf2 Ke4 60.Ke2 f3+ 61.Kf2 Kf4 62.Kf1 Ke4 63.Kf2  1/2-1/2

[Event "23rd Metropolitan GM"]
[Site "Los Angeles USA"]
[Date "2012.12.23"]
[Round "9"]
[White "Amanov,Z"]
[Black "Matikozian,A"]
[Result "1/2-1/2"]
[WhiteElo "2359"]
[BlackElo "2426"]

1.e4 c5 2.Nf3 e6 3.Nc3 Nc6 4.d4 cxd4 5.Nxd4 Nf6 6.Ndb5 Bb4 7.a3 Bxc3+ 8.Nxc3 d5
9.exd5 exd5 10.Bd3 d4 11.Qe2+ Qe7 12.Qxe7+ Kxe7 13.Ne4 Nxe4 14.Bxe4 Re8 15.O-O Kf8
16.f3 f5 17.Bd3 Ne5 18.Bf4 Nxd3 19.cxd3 Bd7 20.Bd6+ Kf7  1/2-1/2

[Event "World Cities Team GpA"]
[Site "Al-Ain UAE"]
[Date "2012.12.24"]
[Round "3.8"]
[White "Khouri,I"]
[Black "Zhou,Y"]
[Result "0-1"]
[WhiteElo "2252"]
[BlackElo "2419"]

1.e4 c5 2.Nf3 Nc6 3.d4 cxd4 4.Nxd4 e6 5.Nc3 Qc7 6.Be3 a6 7.Be2 Nf6 8.O-O Bb4
9.Na4 O-O 10.Nxc6 bxc6 11.Nb6 Rb8 12.Nxc8 Rfxc8 13.Bxa6 Rf8 14.Bd3 Bd6 15.f4 e5
16.b3 exf4 17.Bd4 f3 18.e5 Bxe5 19.Bxe5 f2+ 20.Rxf2 Qxe5 21.Kh1 Ng4 22.Qxg4 Qxa1+
23.Rf1 Qc3 24.Qxd7 Rbe8 25.Qf5 g6 26.Qf6 Qxf6 27.Rxf6 Re1+ 28.Rf1 Rxf1+ 29.Bxf1 Kg7
30.Bd3 Kf6 31.Kg1 Ke5 32.Kf2 Kd4 33.a4 Ra8 34.Kf3 Ra5 35.Kf4 h6 36.g4 Ra7
37.h4 Ra5 38.Bc4 f6 39.Bd3 g5+ 40.hxg5 fxg5+ 41.Kf3 Ra8 42.Bg6 Rf8+ 43.Kg3 Ke3
44.Bd3 Rf3+ 45.Kg2 Rf2+ 46.Kg3 Rf3+ 47.Kg2 Kf4 48.Bf5 Re3 49.Kf2 Re7 50.Bc8 c5
51.Kf1 Re8 52.Bd7 Rd8 53.Bc6 Rd6 54.Bb7 Rb6 55.Bc8 c4 56.bxc4 Rc6 57.Bb7 Rxc4
58.a5 Rxc2 59.a6 Ra2 60.Bc8 Ke3 61.Bb7 Kd4 62.Ke1 Kc5 63.Kf1 Kb6 64.Kg1 Ra4
65.Bc8 Kc7  0-1

[Event "Norberto La Porta Open A"]
[Site "Buenos Aires ARG"]
[Date "2012.12.26"]
[Round "8"]
[White "Alonso,S"]
[Black "De Dovitiis,A"]
[Result "1-0"]
[WhiteElo "2524"]
[BlackElo "2349"]

1.e4 c5 2.Nf3 e6 3.d4 cxd4 4.Nxd4 Nc6 5.Nc3 Qc7 6.Be2 Nf6 7.O-O a6 8.Kh1 Nxd4
9.Qxd4 Bc5 10.Qd3 b5 11.Bg5 Bb7 12.f4 b4 13.e5 bxc3 14.exf6 cxb2 15.fxg7 bxa1=Q
16.Rxa1 Rg8 17.Qxh7 Rxg7 18.Qxg7 Bf8 19.Qh7 Qc3 20.Rd1 Rc8 21.Bh5 Qg7 22.Bxf7+ Qxf7
23.Qxf7+ Kxf7 24.Rxd7+ Kg6 25.Rxb7 Rxc2 26.g4 Rxa2 27.h4 Ra1+ 28.Kg2 Ra2+
29.Kf1 Ra1+ 30.Ke2 Ra2+ 31.Kd1  1-0

[Event "5th Marseille Open"]
[Site "Marseille FRA"]
[Date "2012.12.26"]
[Round "1.15"]
[White "Legrand,Vincent"]
[Black "Milliet,S"]
[Result "0-1"]
[WhiteElo "1748"]
[BlackElo "2405"]

1.e4 c5 2.Nf3 e6 3.d4 cxd4 4.Nxd4 Nc6 5.Nc3 Qc7 6.Be3 a6 7.Qd2 Nf6 8.O-O-O Bb4
9.f3 Ne5 10.Qe1 Be7 11.Qg3 d6 12.f4 Neg4 13.e5 dxe5 14.fxe5 Nxe3 15.Qxg7 Rf8
16.exf6 Qf4 17.fxe7 Nf5+ 18.Kb1 Nxg7 19.exf8=Q+ Kxf8 20.Bc4 Bd7 21.Rhf1 Qc7
22.Bb3 Rd8 23.Ne4 Bb5 24.Rf2 Nf5 25.Nxe6+ fxe6 26.Rxd8+ Qxd8 27.a4 Qd1+ 28.Ka2 Qd4
29.Rf4 Bc4 30.g4 Bxb3+ 31.cxb3 Qe5 32.Ng5 Kg8 33.Re4 Qf6 34.gxf5 Qxf5 35.Re3 Qxg5
36.Rg3 Qxg3 37.hxg3 Kf7 38.b4 b5 39.axb5 axb5 40.Kb3 Kf6 41.Kc3 Kf5 42.Kd4 Kg4
43.Kc5 e5 44.Kxb5 e4 45.Kc4 e3  0-1

[Event "5th Marseille Open"]
[Site "Marseille FRA"]
[Date "2012.12.26"]
[Round "2.17"]
[White "Mullon,J"]
[Black "Devoille,H"]
[Result "1-0"]
[WhiteElo "2404"]
[BlackElo "1940"]

1.e4 c5 2.Nf3 e6 3.d4 cxd4 4.Nxd4 Nc6 5.Nc3 Qc7 6.f4 a6 7.Nxc6 bxc6 8.Bd3 d5
9.O-O Nf6 10.Kh1 Be7 11.Qf3 O-O 12.b3 Bb7 13.e5 Nd7 14.Qh3 g6 15.Bb2 a5 16.f5 exf5
17.Rxf5 Nc5 18.e6 f6 19.Rff1 Nxd3 20.cxd3 Bd6 21.Rac1 Qe7 22.Na4 Ra6 23.Bd4 Bc8
24.Bc5 Bxe6 25.Qe3 Raa8 26.Rfe1 Rae8 27.Qd2 Bxc5 28.Nxc5 Qd6 29.Qxa5 Bc8
30.d4 Bf5 31.Qc3 Bc8 32.a4 Re7 33.Rxe7 Qxe7 34.Re1 Qf7 35.Qe3 Bd7 36.a5 Re8
37.Qd2 Ra8 38.Qb4 Bc8 39.Qb6 Bf5 40.a6  1-0

[Event "5th Marseille Open"]
[Site "Marseille FRA"]
[Date "2012.12.27"]
[Round "3.36"]
[White "Burri,Quentin"]
[Black "Guerry,Emilien"]
[Result "1/2-1/2"]
[WhiteElo "1886"]
[BlackElo "1641"]

1.e4 c5 2.Nf3 e6 3.d4 cxd4 4.Nxd4 Nc6 5.Nc3 Qc7 6.Be2 Nf6 7.O-O a6 8.Be3 b5
9.a3 Bb7 10.f4 d6 11.Bf3 Be7 12.f5 e5 13.Nb3 Na5 14.Nxa5 Qxa5 15.g4 Qc7 16.g5 Nd7
17.Qd2 f6 18.Bh5+ Kd8 19.Bf7 Nb6 20.gxf6 Bxf6 21.Nd5 Nxd5 22.Bxd5 Bxd5 23.Qxd5 Ke7
24.Qe6+ Kf8 25.Rad1 Rd8 26.Rd2 Qc6 27.Qd5 Qxd5 28.Rxd5 Ke7 29.Kf2 Rc8 30.c3 Rc4
31.Kf3 Rd8 32.Rg1 Rd7 33.h4 h6 34.h5 Rd8 35.Rg6 Rd7 36.Bb6 Rc6 37.Be3 Rc4
38.Rg2 Rd8 39.Rgd2 Rd7 40.R2d3 Rc6 41.Bc1 Rc5 42.Be3 Rxd5 43.Rxd5 Rc7 44.Bb6 Rc6
45.Be3 Rc4 46.Rd3 Rc6 47.b3 Bh4 48.Bd2 Kf6  1/2-1/2

[Event "XLII Rilton Cup"]
[Site "Stockholm SWE"]
[Date "2012.12.27"]
[Round "1.37"]
[White "Olofsson-Dolk,Mattis"]
[Black "Dimitrijevic,R"]
[Result "1/2-1/2"]
[WhiteElo "2024"]
[BlackElo "2293"]

1.e4 c5 2.Nf3 Nc6 3.d4 cxd4 4.Nxd4 e6 5.Nc3 d6 6.Be3 Nf6 7.Qd2 Be7 8.f3 O-O
9.O-O-O d5 10.exd5 Nxd5 11.Nxd5 Qxd5 12.Nxc6 Qxc6 13.Bd3 e5 14.Be4 Qc7 15.Qd3 h6
16.g4 Be6 17.Bd5 Rfd8 18.Qe4 Bxd5 19.Rxd5 Rxd5 20.Qxd5 Rd8 21.Qe4 b6 22.Rd1 Rxd1+
23.Kxd1 Bc5 24.Qa8+ Kh7 25.Qe4+ g6 26.Qc4 Qd7+ 27.Ke2 Bxe3 28.Kxe3 Kg7 29.Qe4 Qb5
30.b3 Qc5+ 31.Kd3 Qd6+ 32.Ke2 Qc5 33.Kd3 Qd6+ 34.Ke2 Qc5  1/2-1/2

[Event "CXU Obro New Year 2012"]
[Site "Copenhagen DEN"]
[Date "2012.12.30"]
[Round "7.5"]
[White "Ulrich,T2"]
[Black "Brinck Claussen,B"]
[Result "1/2-1/2"]
[WhiteElo "2041"]
[BlackElo "2260"]

1.e4 c5 2.Nf3 e6 3.d4 cxd4 4.Nxd4 Nc6 5.Nc3 Qc7 6.g3 a6 7.Bg2 d6 8.O-O Bd7
9.Nb3 Nf6 10.a4 Ne5 11.Re1 Nc4 12.Nd2 Nxd2 13.Bxd2 Be7 14.a5 Bc6 15.Be3 O-O
16.Bb6 Qd7 17.h3 Bd8 18.Bd4 Qe7 19.Nd5 exd5 20.exd5 Qd7 21.dxc6 bxc6 22.Qf3 d5
23.Qd3 Re8 24.b4 Rxe1+ 25.Rxe1 Be7 26.c3 Ne8 27.Be5 Nd6 28.Rd1 Ra7 29.Bxd6 Bxd6
30.c4 Bxb4 31.cxd5 cxd5 32.Qxd5 Qxd5 33.Rxd5 g6 34.Rd8+ Kg7 35.Ra8 Rxa8  1/2-1/2

[Event "Pan-Am Intercollegiate 2012"]
[Site "Princeton USA"]
[Date "2012.12.30"]
[Round "6"]
[White "Cornejo,M"]
[Black "Hughes,T"]
[Result "1-0"]
[WhiteElo "2375"]
[BlackElo "2280"]

1.e4 c5 2.Nf3 e6 3.d4 cxd4 4.Nxd4 Nc6 5.Nc3 a6 6.Be3 Nf6 7.Qd2 Bb4 8.f3 d5
9.a3 Qa5 10.Nb3 Bxc3 11.bxc3 Qc7 12.Bf4 Qd8 13.e5 Nd7 14.Bg5 Qc7 15.f4 h6
16.Bh4 g5 17.Bg3 gxf4 18.Bxf4 b5 19.Be2 Bb7 20.O-O O-O-O 21.a4 bxa4 22.Rxa4 Nb6
23.Raa1 Nc4 24.Qe1 Rhg8 25.Nc5 Ne7 26.Qf2 Ng6 27.Bg3 a5 28.Nxb7 Kxb7 29.Qxf7 Ngxe5
30.Rab1+ Kc6 31.Qxe6+ Qd6 32.Qxd6+ Kxd6 33.Bxc4 Rxg3 34.hxg3 Nxc4 35.Rf6+ Kc5
36.Rxh6 Nd6 37.g4 Ne4 38.Ra6 Nxc3 39.Rxa5+ Kd4 40.Rb3 Rc8 41.g5 Ne2+ 42.Kh2 Rg8
43.Rd3+ Ke4 44.Ra6 Re8 45.Rh6 d4 46.g6 Kf5 47.g7 Rg8 48.Rf3+ Kg5 49.Re6 Nc3
50.Re7 Kg6 51.Rd7 Ne2 52.Rf2  1-0

[Event "XLII Rilton Cup"]
[Site "Stockholm SWE"]
[Date "2012.12.30"]
[Round "4.14"]
[White "Sipila,V"]
[Black "Bergstrom,R"]
[Result "1-0"]
[WhiteElo "2425"]
[BlackElo "2286"]

1.e4 c5 2.Nf3 e6 3.d4 cxd4 4.Nxd4 Nc6 5.Nc3 a6 6.Be2 Nge7 7.Be3 Nxd4 8.Qxd4 b5
9.O-O Nc6 10.Qd2 Be7 11.f4 Bb7 12.Rad1 Rc8 13.a4 b4 14.Na2 Nb8 15.Nxb4 Bxe4
16.Qd4 d5 17.Qxg7 Bf6 18.Qh6 a5 19.Bd3 Bxd3 20.Nxd3 Rxc2 21.Rc1 Rxc1 22.Rxc1 Nd7
23.b4 axb4 24.Nxb4 Qa8 25.a5 Ke7 26.Nc6+ Kd6 27.Bd2 Bb2 28.Bb4+ Kc7 29.Rc2 Kb7
30.Qh5  1-0

[Event "XXIII Krakow Open"]
[Site "Krakow POL"]
[Date "2012.12.31"]
[Round "6.26"]
[White "Nowicki,B"]
[Black "Andrenko,I"]
[Result "1/2-1/2"]
[WhiteElo "2142"]
[BlackElo "2220"]

1.e4 c5 2.Nf3 e6 3.d4 cxd4 4.Nxd4 Nc6 5.Nc3 Qc7 6.Be3 a6 7.Bd3 Nf6 8.O-O b5
9.Nxc6 Qxc6 10.a3 Bb7 11.Qe2 Rc8 12.Rae1 Bc5 13.Bxc5 Qxc5 14.e5 Nd5 15.Nxd5 Bxd5
16.Qh5 g6 17.Qh6 Qf8 18.Qf4 Qe7 19.Qh6 Qf8 20.Qf4 Qe7  1/2-1/2

[Event "120th ch-NZL"]
[Site "Wellington NZL"]
[Date "2012.12.31"]
[Round "1.3"]
[White "Wastney,S"]
[Black "Stuart,P"]
[Result "1-0"]
[WhiteElo "2313"]
[BlackElo "2036"]

1.e4 c5 2.Nf3 e6 3.d4 cxd4 4.Nxd4 Nc6 5.Nc3 Qc7 6.f4 a6 7.Be3 b5 8.Bd3 Bb7
9.Nb3 Nf6 10.O-O d6 11.a4 b4 12.Nb1 Be7 13.N1d2 d5 14.e5 Nd7 15.a5 Ncb8 16.Qe2 Nc5
17.Nxc5 Bxc5 18.f5 Bxe3+ 19.Qxe3 Nd7 20.fxe6 fxe6 21.Nf3 O-O 22.Ng5 Qxe5
23.Bxh7+ Kh8 24.Rxf8+ Rxf8 25.Qxe5 Nxe5 26.Nxe6 Rf6 27.Ng5 Nf7 28.Nxf7+ Kxh7
29.Ne5 Bc6 30.Nd3 b3 31.cxb3 Bb5 32.Rd1 Re6 33.Nf4 Re3 34.Nxd5 Rxb3 35.Rd2 Bc4
36.Nc3 Kg6 37.Kf2 Kf7 38.Ke3 Ke6 39.Kd4 Bb5 40.Kc5 Bf1 41.Rd6+ Ke5 42.Rb6 Rxb6
43.Kxb6  1-0

[Event "88th Hastings Masters"]
[Site "Hastings ENG"]
[Date "2013.01.01"]
[Round "5.8"]
[White "Rudd,J"]
[Black "Gretarsson,Hj"]
[Result "1/2-1/2"]
[WhiteElo "2288"]
[BlackElo "2516"]

1.e4 c5 2.Nf3 e6 3.d4 cxd4 4.Nxd4 Nc6 5.Nc3 Qc7 6.Be2 a6 7.O-O Nf6 8.Be3 Bb4
9.f3 d5 10.exd5 exd5 11.Kh1 O-O 12.Bg5 Qe5 13.Nxc6 bxc6 14.f4 Qd6 15.Bd3 h6
16.Bh4 Bg4 17.Ne2 Rfe8 18.c3 Bc5 19.Qc2 Ne4 20.Ng3 Qe6 21.Bxe4 dxe4 22.f5 Qe5
23.h3 Be7 24.f6 g5 25.hxg4 gxh4 26.Nxe4 Bf8 27.Rae1 Rad8 28.Qf2 Qd5 29.Qf4 Re6
30.Nf2 Rde8 31.Rxe6 Rxe6 32.c4 Qd6 33.Qxd6 Bxd6 34.Nd3 Re4 35.b3 Rxg4 36.Re1 Bg3
37.Re3 Rd4 38.Kg1 Kh7 39.Kf1 Rd6 40.Ke2 Rxf6 41.Re7 Kg7 42.Ra7 c5 43.Ra8 Rg6
44.Nxc5 Bd6 45.Ne4 Be5 46.Kf1 Rg4 47.Nd2 Rf4+ 48.Ke2 Rg4 49.Kf1 Rg6 50.Re8 Bg3
51.Ne4 Bh2 52.c5 f5 53.Nd2 Kf7 54.Re2 a5 55.Nf3 Bg3 56.Ne5+ Bxe5 57.Rxe5 Kf6
58.Re2 Rg3 59.Rc2 Ke7 60.c6 Kd8 61.Rc5 Kc7 62.Rxf5 h3 63.gxh3 Rxh3 64.Rxa5 Kxc6
65.Ke2 Kb6 66.b4 h5 67.a4 Rh2+ 68.Kf3 Rh3+ 69.Kg2 Rb3 70.Rxh5  1/2-1/2

[Event "88th Hastings Masters"]
[Site "Hastings ENG"]
[Date "2013.01.03"]
[Round "7.14"]
[White "Sreeves,C"]
[Black "Zhou,Y"]
[Result "0-1"]
[WhiteElo "2223"]
[BlackElo "2419"]

1.e4 c5 2.Nf3 Nc6 3.Nc3 e6 4.d4 cxd4 5.Nxd4 Qc7 6.Be3 a6 7.Qd2 Nf6 8.O-O-O Bb4
9.f3 O-O 10.a3 Be7 11.g4 b5 12.g5 Nh5 13.Nce2 b4 14.Nxc6 dxc6 15.axb4 Rd8
16.Qe1 Rxd1+ 17.Qxd1 a5 18.b5 cxb5 19.Kb1 a4 20.Nc1 a3 21.Nb3 axb2 22.Bd4 e5
23.Bxb2 Qa7 24.Qd2 Be6  0-1

[Event "XLII Rilton Cup"]
[Site "Stockholm SWE"]
[Date "2013.01.03"]
[Round "7.34"]
[White "Zulfic,F"]
[Black "Johansson,G1"]
[Result "0-1"]
[WhiteElo "2128"]
[BlackElo "2223"]

1.e4 c5 2.Nf3 e6 3.d4 cxd4 4.Nxd4 Nc6 5.Nc3 Qc7 6.Be3 a6 7.Qd2 Nf6 8.O-O-O Bb4
9.f3 O-O 10.Kb1 b5 11.g4 Bb7 12.g5 Ne8 13.h4 Ne5 14.h5 Rc8 15.Bf4 Bxc3 16.bxc3 Nc4
17.Bxc4 Qxc4 18.Ne2 d6 19.g6 e5 20.gxh7+ Kxh7 21.Bg5 f6 22.Be3 f5 23.h6 g6
24.Rdg1 Qe6 25.Rh4 Rc4 26.exf5 Rxf5 27.Rxc4 Qxc4 28.f4 Bd5 29.Nc1 exf4 30.Bd4 Nf6
31.Re1 Ne4 32.Qd3 Qxd3 33.cxd3 Nf6 34.Ne2 Kxh6 35.Rf1 Nh5 36.a4 g5 37.axb5 axb5
38.Kc2 g4 39.Be3 Kg5 40.Nd4 Rf6 41.Bd2 g3 42.Nxb5 Kg4 43.c4 Bb7 44.d4 Be4+
45.Kc3 g2 46.Re1 Ng3 47.d5 Nf1  0-1

[Event "Australian Open 2013"]
[Site "Cammeray AUS"]
[Date "2013.01.04"]
[Round "3.18"]
[White "Boyd,T"]
[Black "Yin,Wenlin"]
[Result "1-0"]
[WhiteElo "2306"]
[BlackElo "1926"]

1.Nf3 c5 2.e4 e6 3.Nc3 Nc6 4.d4 cxd4 5.Nxd4 Qc7 6.g3 a6 7.Bg2 d6 8.O-O Bd7
9.a4 Be7 10.Nxc6 Bxc6 11.Be3 Nf6 12.a5 Nd7 13.Qd2 O-O 14.Rfe1 b6 15.Bd4 bxa5
16.Nd5 Bxd5 17.exd5 e5 18.Bc3 a4 19.Rxa4 Nc5 20.Rc4 Qb6 21.b3 Rfc8 22.Bh3 Rf8
23.Bd4 exd4 24.Rxe7 Rae8 25.Rxe8 Rxe8 26.Rxd4 Ne4 27.Qb4 Qxb4 28.Rxb4 Nc3
29.Rb6 Re1+ 30.Kg2 Kf8 31.Rxd6 Ra1 32.Rd8+ Ke7 33.Rd7+ Ke8 34.d6 Rd1 35.Rc7 Nb5
36.Rc8+  1-0

[Event "1st Mare D'Inverno Open"]
[Site "Gabicce Mare ITA"]
[Date "2013.01.04"]
[Round "5.6"]
[White "Pipitone,A"]
[Black "Bjerke,S"]
[Result "0-1"]
[WhiteElo "1920"]
[BlackElo "2210"]

1.e4 c5 2.Nf3 e6 3.d4 cxd4 4.Nxd4 Nc6 5.Nc3 Qc7 6.Be2 a6 7.O-O Nf6 8.Be3 Bb4
9.Nxc6 bxc6 10.Na4 Be7 11.Bf3 Rb8 12.b3 c5 13.c4 Bb7 14.Qd3 O-O 15.g3 d6
16.Rad1 Rfd8 17.Nc3 Nd7 18.Bg2 Ne5 19.Qe2 Bf6 20.Nb1 Nc6 21.f4 a5 22.g4 Bd4
23.g5 Qe7 24.Nd2 e5 25.h4 exf4 26.Rxf4 Be5 27.Rf3 Nd4 28.Bxd4 Bxd4+ 29.Kh1 Rf8
30.Rff1 f6 31.gxf6 Bxf6 32.h5 Rbe8 33.Qg4 Bc8 34.Qe2 Kh8 35.Rf2 Bd4 36.Rxf8+ Rxf8
37.Nf3 Bg4 38.Rd3 Qf7 39.Qe1 Qxh5+ 40.Nh2 Be5 41.Qg1 Rf6 42.Rd2 Rh6 43.Rf2 Qxh2+
44.Qxh2 Rxh2+ 45.Kg1 Bd4 46.Kxh2 Bxf2 47.Bf1 Bf3  0-1

[Event "16th Bad Zwesten Open"]
[Site "Bad Zwesten GER"]
[Date "2013.01.05"]
[Round "5.2"]
[White "Sarkoezy,B"]
[Black "Cherny,A"]
[Result "1-0"]
[WhiteElo "2108"]
[BlackElo "2214"]

1.e4 c5 2.Nf3 e6 3.d4 cxd4 4.Nxd4 Nc6 5.Nc3 Qc7 6.Be3 a6 7.Qd2 Nf6 8.f3 Ne5
9.g4 Bb4 10.g5 Nxf3+ 11.Nxf3 Nxe4 12.Qd4 Bxc3+ 13.bxc3 Qxc3+ 14.Qxc3 Nxc3
15.Bd4 Nd5 16.Bxg7 Rg8 17.Be5 f6 18.gxf6 Kf7 19.Bd3 h6 20.O-O-O Nxf6 21.Rdf1 Ke7
22.Rhg1 Rxg1 23.Rxg1 Ne8 24.Rg6 d6 25.Bg3 Bd7 26.Rxh6 Bc6 27.Nd4 Bd5 28.Bg6 Nf6
29.Bh4 Rf8 30.Rh7+ Kd8 31.Rh8 Rxh8 32.Bxf6+ Kd7 33.Bxh8 Bxa2 34.Nb3  1-0

[Event "11th Parsvnath Open"]
[Site "New Delhi IND"]
[Date "2013.01.05"]
[Round "1.11"]
[White "Vaibhav,S"]
[Black "Prince,Ba"]
[Result "1-0"]
[WhiteElo "2503"]
[BlackElo "2270"]

1.e4 c5 2.Nf3 e6 3.d4 cxd4 4.Nxd4 Nc6 5.Nc3 Qc7 6.Be2 a6 7.O-O Nf6 8.Be3 Be7
9.f4 d6 10.Kh1 O-O 11.Qe1 Nxd4 12.Bxd4 b5 13.Qg3 Bb7 14.a3 Rad8 15.Bd3 Ne8
16.Qh3 e5 17.Nd5 Bxd5 18.exd5 g6 19.Bc3 f5 20.a4 e4 21.Be2 Rb8 22.axb5 axb5
23.Qe3 b4 24.Ra7 Rb7 25.Rxb7 Qxb7 26.Bd2 Nf6 27.Qd4 Rc8 28.Rc1 b3 29.c4 Nd7
30.Qe3 Bf6 31.g4 Nc5 32.gxf5 gxf5 33.Bc3 Qe7 34.Rg1+ Kh8 35.Rg5 Na4 36.Bd4 Rf8
37.Rxf5 Bg7 38.Bxg7+ Qxg7 39.Rxf8+ Qxf8 40.Qxb3 Nc5 41.Qc3+ Kg8 42.b4 Nd7
43.Bg4 Ne5 44.Qg3 Nxg4 45.Qxg4+ Kh8 46.f5 Qe7 47.Qf4 e3 48.f6 e2 49.fxe7 e1=Q+
50.Kg2 Qxe7 51.Kf3 Qg7  1-0

[Event "XXIV Roquetas Open"]
[Site "Roquetas de Mar ESP"]
[Date "2013.01.05"]
[Round "7.1"]
[White "Ibarra Jerez,JC"]
[Black "Plaskett,J"]
[Result "1-0"]
[WhiteElo "2538"]
[BlackElo "2495"]

1.e4 c5 2.Nf3 e6 3.d4 cxd4 4.Nxd4 Nc6 5.Nc3 Qc7 6.Be3 a6 7.Qd2 Nf6 8.O-O-O b5
9.Bf4 Ne5 10.Nf3 Nxf3 11.gxf3 Qc6 12.Rg1 Bb7 13.Be5 d6 14.Bg3 O-O-O 15.Bh3 Rd7
16.Ne2 Be7 17.Nd4 Qc5 18.Bf4 g6 19.Nb3 Qc7 20.Rge1 Kb8 21.Re3 Rc8 22.Rc3 Qb6
23.Be3 Qd8 24.Rxc8+ Qxc8 25.Qd4 Ba8 26.Kb1 Qc4 27.Qb6+ Bb7 28.Rd3 Rc7 29.Rc3  1-0

[Event "XLII Rilton Cup"]
[Site "Stockholm SWE"]
[Date "2013.01.05"]
[Round "9.28"]
[White "Eriksen,M"]
[Black "Johansson,G1"]
[Result "0-1"]
[WhiteElo "2109"]
[BlackElo "2223"]

1.e4 c5 2.Nf3 e6 3.d4 cxd4 4.Nxd4 Nc6 5.Nc3 Qc7 6.Be3 a6 7.Qd2 Nf6 8.O-O-O Bb4
9.f3 O-O 10.a3 Be7 11.g4 b5 12.g5 Ne8 13.Nxc6 Qxc6 14.Ne2 b4 15.axb4 a5 16.b5 Qxb5
17.Nd4 Qb8 18.Kb1 Nc7 19.Ka1 Ba6 20.h4 Rc8 21.h5 Bb4 22.c3 Bxf1 23.Rdxf1 Nb5
24.Rc1 Bf8 25.g6 Nd6 26.gxf7+ Kxf7 27.Qe2 Nc4 28.f4 Qb7 29.Bf2 Rab8 30.b3 Ba3
31.bxc4 Bxc1 32.Nb5 Bxf4 33.Qf3 Kg8 34.Rg1 Rxc4  0-1

[Event "120th ch-NZL"]
[Site "Wellington NZL"]
[Date "2013.01.05"]
[Round "6.8"]
[White "Milligan,H"]
[Black "Stuart,P"]
[Result "1/2-1/2"]
[WhiteElo "2013"]
[BlackElo "2036"]

1.e4 c5 2.Nf3 e6 3.d4 cxd4 4.Nxd4 Nc6 5.Nc3 Qc7 6.Be3 a6 7.Bd3 Nf6 8.O-O Ne5
9.h3 Bc5 10.Kh1 d6 11.f4 Ng6 12.Qf3 O-O 13.Rae1 b5 14.Nb3 Bxe3 15.Qxe3 Bb7  1/2-1/2

[Event "11th Parsvnath Open"]
[Site "New Delhi IND"]
[Date "2013.01.06"]
[Round "3.5"]
[White "Panchanathan,M"]
[Black "Himanshu,Sh"]
[Result "1-0"]
[WhiteElo "2580"]
[BlackElo "2406"]

1.e4 c5 2.Nf3 e6 3.d4 cxd4 4.Nxd4 Nc6 5.Nc3 Qc7 6.Be2 a6 7.O-O b5 8.Nxc6 dxc6
9.f4 Bb7 10.Bf3 Rd8 11.Qe1 c5 12.f5 b4 13.fxe6 fxe6 14.Bf4 Qe7 15.Ne2 g6
16.Qg3 Bh6 17.e5 Bd5 18.c4 Bxf3 19.Qxf3 Rc8 20.Rad1 Qf7 21.Qe3 Bxf4 22.Nxf4 Ne7
23.Nh5 Nf5 24.Rxf5 gxf5 25.Nf6+ Kf8 26.Rd7 Qg6 27.Qd2  1-0

[Event "11th Parsvnath Open"]
[Site "New Delhi IND"]
[Date "2013.01.06"]
[Round "3.13"]
[White "Vishnu,P"]
[Black "Saravanan,V1"]
[Result "1-0"]
[WhiteElo "2488"]
[BlackElo "2389"]

1.e4 c5 2.Nf3 Nc6 3.Nc3 e6 4.d4 cxd4 5.Nxd4 Qc7 6.Be2 a6 7.Be3 Nf6 8.O-O Bb4
9.Nxc6 bxc6 10.f4 d5 11.e5 Nd7 12.Na4 c5 13.c3 Ba5 14.Rc1 c4 15.b4 cxb3 16.axb3 O-O
17.b4 Bb6 18.Nxb6 Nxb6 19.Bd3 f5 20.exf6 gxf6 21.Bxh7+ Qxh7 22.Bxb6 Bb7 23.Rf3 Rf7
24.f5 e5 25.Qa4 Re8 26.Rh3 Qxf5 27.Rf1 Qg6 28.Rg3  1-0